000 00641nam a2200241Ia 4500
003 OSt
005 20220918222245.0
006 a|||||r|||| 00| 0
007 ta
008 220917b |||||||| |||| 00| 0 eng d
024 _a216,262
037 _cTextual
040 _aARTS
_cARTS
_beng
041 _2eng
_aeng
082 _aR6-3, K1;K4
100 _aRiepe Dale
245 0 _aNaturalistic tradition in Indian thought
260 _aDelhi
_bMotiLal Banarsidass India
_c1964
300 _aix, 308p.
_ccm.
650 _aINDIAN PHILOSOPHY
942 _hR6-3, K1;K4
_cTEXL
_2CC
999 _c275006
_d275006